000 02320cam a22002778i 4500
001 on1455532891
003 OCoLC
005 20250411081617.0
008 240517t20252025maua b 001 0 eng
010 _a 2024023049
020 _a9780262049634
035 _a(OCoLC)1455532891
040 _aDLC
_beng
_erda
_cDLC
_dOCLCO
_dYDX
_dBDX
_dTOH
_dPAU
041 _aeng
042 _apcc
050 0 0 _aQL751
_b.K26 2025
100 _aKamath, Ambika
_eauthor
_925153
245 1 0 _aFeminism in the wild
_b: how human biases shape our understanding of animal behavior
_c/ Ambika Kamath and Melina Packer.
260 _aCambridge, MA :
_bThe MIT Press,
_c2025.
300 _a194 pages :
_billustrations ;
_c23 cm.
504 _aIncludes bibliographical references (pages 173-188) and index.
520 _aIn Feminism in the Wild, Ambika Kamath and Melina Packer reveal how scientists studying animal behavior have long projected human norms and values onto animals while seeking to understand them. When scientific studies conclude that these norms and values are natural in animals, it makes it easier to think of them as natural in humans too. And because scientists, historically and to this day, largely belong to elite, powerful segments of society, the norms and values embedded in animal behavior science match those of the already powerful. How can animal behavior science escape this trap of naturalizing dominant culture? Drawing from decades of feminist, antiracist, queer, disability justice, and Marxist contributions—including those of biologists—Kamath and Packer break down persistent assumptions in the status quo of animal behavior science and offer a multitude of alternative approaches. Core concepts in animal behavior science and evolutionary biology—from sex categories and sexual selection to fitness, adaptation, biological determinism, and more—are carefully contextualized and critically reexamined. This unique collaboration between an animal behavior scientist and a feminist science studies scholar is an illuminating and hopeful read for anyone who is curious about how animals behave, and anyone who wants to break free from scientific approaches that perpetuate systems of oppression.
650 0 _aAnimal behavior
_910659
700 _aPacker, Melina
_eauthor
_925154
942 _2lcc
999 _c4640
_d4640